00635nam a2200121 a 450000100100000000500170001000800410002704000250006811000570009324502340015026001080038430000210049200003219020200930063515.0110713s1947 dr 000 0 spa d aDO-SdBNPbspacBNPHU1 aConsejo Administrativo del Distrito de Santo Domingo10aMemoria que presenta al honorable presidente de la República y al Consejo Administrativo del Distrito de Santo Domingo su presidente Modesto E. Díaz, relativoa a las labores realizada por este organismo durante el año 1947. aCiudad Trujillo, República Dominicana :bConsejo Administrativo del Distrito de Santo Domingo,c1947. a335 p. ;c23 cm.